000
00319nam a2200133Ia 4500
008
190723s9999 xx 000 0 und d
020
_a
978-93-325-8369-9
100
_a
Ian Sommerville
245
0
_a
Software Engineering
250
_a
10th
260
_a
uttar Pardesh
_b
Pearson
_c
2017
300
_a
808.:p
942
_c
BK
999
_c
1789
_d
1789